Statistics for Countries A-Z: Geographical Center Closest to Equator

Click here to take the quiz!

General Stats

  • This quiz has been taken 90 times
  • The average score is 17 of 24

Answer Stats

Initial Letter Country % Correct
YYemen
86%
QQatar
85%
EEcuador
83%
IIndonesia
83%
OOman
82%
ZZambia
81%
DDemocratic Republic of the Congo
81%
UUganda
79%
KKenya
79%
HHonduras
78%
VVenezuela
78%
RRepublic of the Congo
75%
JJamaica
74%
CColombia
74%
TTanzania
67%
GGabon
65%
BBurundi
64%
AAngola
63%
LLiberia
58%
FFederated States of Micronesia
58%
PPapua New Guinea
51%
NNauru
47%
SSao Tome and Principe
46%
MMalaysia
44%

Score Distribution

Percentile by Number Answered

Percent of People with Each Score

Your Score History

You have not taken this quiz